Statistics for All Dua Lipa Songs

Click here to take the quiz!

General Stats

  • This quiz has been taken 569 times
    (20 since last reset)
  • The average score is 30 of 60

Answer Stats

AlbumSong% Correct
Barbie The AlbumDance the Night
95%
Single #4Houdini
95%
Dua LipaNew Rules
95%
Future NostalgiaFuture Nostalgia
89%
Future NostalgiaLevitating
89%
Future NostalgiaPhysical
89%
Future NostalgiaDon't Start Now
84%
Future NostalgiaBreak My Heart
79%
Single #6Illusion
79%
Single #5Training Season
79%
Future NostalgiaBoys Will Be Boys
74%
Future NostalgiaHallucinate
74%
Dua LipaIDGAF
74%
Dua LipaOne Kiss
74%
Spotify SessionsBe the One
68%
Future NostalgiaGood in Bed
68%
Dua LipaElectricity
63%
Future NostalgiaFever
63%
Dua LipaGarden
63%
Spotify SessionsHotter than Hell
63%
Dua LipaKiss and Make Up
63%
Future NostalgiaCool
58%
Dua LipaGenesis
58%
Future NostalgiaLove Again
58%
Future NostalgiaPretty Please
58%
Dua LipaScared to Be Lonely
58%
Future NostalgiaWe're Good
58%
The Only EPBlow Your Mind (Mwah)
53%
Dua LipaNo Lie
53%
Future NostalgiaPrisoner
53%
Future NostalgiaIf It Ain't Me
47%
Dua LipaLost in Your Light
47%
Dua LipaBegging
42%
Dua LipaLast Dance
42%
Single #2Sweetest Pie
42%
Dua LipaBad Together
37%
Dua LipaDreams
37%
Dua LipaHomesick
37%
Dua LipaRoom for 2
37%
SingleSwan Song
37%
Future NostalgiaThat Kind of Woman
37%
Fifty Shades Freed: Original Motion Picture SoundtrackHigh
32%
Spotify SessionsNew Love
32%
Dua LipaNo Goodbyes
32%
Single #3Potion
32%
Dua LipaRunning
32%
Spotify SessionsThinking 'Bout You
32%
Future NostalgiaUN DIA (ONE DAY)
32%
Future NostalgiaNot My Problem
26%
Dua LipaWant To
26%
Live AcousticI'd Rather Go Blind
21%
Deezer SessionsMy My My
21%
Dua LipaBang Bang
16%
BBC Radio 1's Live Lounge 2018Do I Wanna Know?
16%
The Only EPFor Julian
16%
Live AcousticGolden Slumbers
16%
Spotify SessionsI'm Not the Only One
16%
Live AcousticIn the Room: Tears Dry on Their Own
16%
BBC Radio 1's Live Lounge 2017Rollin' / Did You See
16%
BBC Radio 1's Live Lounge 2016The Hills
16%

Score Distribution

Percentile by Number Answered

Percent of People with Each Score

Your Score History

You have not taken this quiz since the last reset